Internal control and auditing (Record no. 47263)

MARC details
000 -LEADER
fixed length control field 00557nam a2200157 a 4500
008 - FIXED-LENGTH DATA ELEMENTS--GENERAL INFORMATION
fixed length control field 120416s1969 ||||||||||||||||| || u
050 ## - LIBRARY OF CONGRESS CALL NUMBER
Classification number HF 5667 Smi
100 ## - MAIN ENTRY--PERSONAL NAME
Personal name Smith, Alexander Clark
245 10 - TITLE STATEMENT
Title Internal control and auditing
Statement of responsibility, etc. edited by Alec G. Russell
250 ## - EDITION STATEMENT
Edition statement 2nd ed.
260 ## - PUBLICATION, DISTRIBUTION, ETC.
Place of publication, distribution, etc. London
Name of publisher, distributor, etc. Pitman
Date of publication, distribution, etc. 1969
350 ## - PRICE (NR) (BK AM CF MU VM SE) [OBSOLETE]
Price 0.00
700 ## - ADDED ENTRY--PERSONAL NAME
Personal name De Paula, Clive F
700 ## - ADDED ENTRY--PERSONAL NAME
Personal name Russell, Alec G
995 ## - RECOMMENDATION 995 [LOCAL, UNIMARC FRANCE]
-- 0.00
-- CBU-MAIN LIBRARY (Kitwe)
-- 1
-- 0.00
-- 1
-- AVAILABLE
-- Annex Low-Usage Collection
Holdings
Withdrawn status Lost status Source of classification or shelving scheme Damaged status Not for loan Home library Current library Shelving location Date acquired Total Checkouts Full call number Barcode Date last seen Price effective from Koha item type
          CBU-MAIN LIBRARY, KITWE. CBU-MAIN LIBRARY, KITWE.   11/30/2022   HF 5667 Smi 006880 11/30/2022 11/30/2022 MONOGRAPH